Logo biblioteca
Santa Fe 2917, Rosario, Santa Fe
Lu-Vi 8 a 19.45
+54-341-4232362
bibliotecaeudoro@gmail.com
Facebook Biblioteca Pedagógica
Sitio web

La biblioteca del aula en el ambiente alfabetizador / (Registro nro. 32739)

Detalles MARC
000 -CABECERA
campo fijo de control de longitud 01633nab a2200253 4500
003 - IDENTIFICADOR DEL NÚMERO DE CONTROL
campo de control AR-RoBPED
005 - FECHA Y HORADE LA ULTIMA TRANSACCION
campo de control 20260511092506.0
008 - ELEMENTOS DE LONGITUD FIJA--INFORMACION GENERAL
campo fijo de control de longitud 260511b |||||||| |||| 00| 0 spa d
040 ## - FUENTE CATALOGADORA
Centro catalogador/agencia de origen AR-RoBPED
041 ## - IDIOMA
Código de idioma para texto/pista de sonido o título independiente spa
100 1# - ENCABEZAMIENTO PRINCIPAL--AUTOR PERSONAL
Nombre de persona Arias, Arnaldo G.
9 (RLIN) 26582
Función Profesor de Educación Primaria
245 13 - TITULO
Título La biblioteca del aula en el ambiente alfabetizador /
260 ## - PUBLICACION
Lugar Buenos Aires :
Editor Noveduc,
Fecha 2023
300 ## - DESCRIPCION FISICA
Extensión 42-47 p.
500 ## - NOTA GENERAL
Nota general ¿Qué es un ambiente alfabetizador?¿Qué rol puede desempeñar la biblioteca del aula en el ambiente alfabetizador?¿Puede ser la lectura una brújula para abrir los caminos a mundos posibles? El siguiente texto da cuenta de un proceso de práctica con la biblioteca del aula que incluyó en primer lugar su constitución. luego el trabajo con tres colecciones que implicó el ordenamiento de los volúmenes en sus anaqueles, y finalmente, el préstamo diario de estos libros. Escrito a dos voces, el artículo tiene una estructura singular: el lector o la lectora encontrará el uso de la primera persona del singular-Arnaldo_ en la descripción de la práctica y el uso de la primera persona del plural-Angelina/Arnaldo-en la reflexión teórica.
650 #7 - TERMINO DE MATERIA--CONTROLADO
Término controlado BIBLIOTECAS AULICAS
9 (RLIN) 2877
Término controlado ALUMNOS
9 (RLIN) 762
Término controlado LECTURA
9 (RLIN) 160
Término controlado EXPERIENCIAS EDUCACIONALES
9 (RLIN) 18339
700 1# - ENCABEZAMIENTO SECUNDARIO--AUTOR PERSONAL
Nombre de persona Baldengo, Ángela L.
9 (RLIN) 30776
Función Profesora de Lengua y Literatura
773 0# - DOCUMENTO FUENTE
Host Biblionumber 20414
Host Itemnumber 41865
Place, publisher, and date of publication Buenos Aires : Noveduc, 1993-
Título Novedades Educativas
Record control number (AR-RoBPED)20414
International Standard Serial Number 03283534
942 ## - ELEMENTOS KOHA
Fuente de clasificación Universal Decimal Classification
Koha tipo de ítem Revistas
Clasificación 37(05)
Signatura librística Nov 86 N° 390 (Sept.2023)
Número Koha k.32739
945 ## - PROCESAMIENTO DE LA INFORMACIÓN LOCAL
Catalogador y fecha mar 05/2026

No hay ítems disponibles.